[Event "SUI-ch op 122nd"]
[Site "Leukerbad"]
[Date "2023.07.15"]
[Round "1"]
[White "Kurz, Stefan"]
[Black "Curien, Nicolas"]
[Result "0-1"]
[WhiteElo "2009"]
[BlackElo "2190"]
[PlyCount "76"]
[EventDate "2023.07.07"]
[EventType "swiss"]
[EventRounds "9"]
[EventCountry "SUI"]
[SourceTitle "EXT 2024"]
[Source "ChessBase"]
[SourceDate "2023.10.10"]
[SourceVersion "1"]
[SourceVersionDate "2023.10.10"]
[SourceQuality "1"]

1. d4 d5 2. c4 c6 3. Nc3 Nf6 4. Nf3 e6 5. Bg5 dxc4 6. e4 b5 7. e5 h6 8. Bh4 g5 9. Nxg5 hxg5 10. Bxg5 Nbd7 11. g3 Bb7 12. Bg2 Qb6 13. exf6 0-0-0 14. 0-0 c5 15. d5 b4 16. Na4 Qa6 17. dxe6 Bxg2 18. Kxg2 Qxe6 19. h4 Ne5 20. Qe2 Qc6+ 21. f3 Bd6 22. b3 Rhe8 23. Qc2 c3 24. Rae1 Nd7 25. Qf5 Be5 26. Re4 Bxf6 27. Nxc5 Rxe4 28. Nxe4 Bxg5 29. Nxg5 Qc5 30. Qxf7 Ne5 31. Qe6+ Kb8 32. Ne4 Qd5 33. Qxd5 Rxd5 34. Kf2 c2 35. Ke2 Nd3 36. Kd2 Ne1+ 37. Kc1 Rd1+ 38. Kb2 Rb1# 0-1